000 00644nam a22002052 4500
001 0000009738
005 20151217155843.0
008 081125s xx 000 0 eng d
040 _aKABU
_cKABU
100 1 _aWilson, H. A.
_@0000161503
245 1 2 _aA British borderland :
_bservice and sport in Equatoria /
_cH. A. Wilson.
250 _a1st ed.
260 _aLondon :
_bJ. Murray,
_c1913.
300 _axxi, 347 p.
650 0 _aSports
_zAfrica, Central.
_@0000161504
651 0 _aAfrica, East
_xDescription and travel.
_@0000148698
852 1 _9p500 KES
908 _a081125
950 _@1
999 _c13258
_d13258